Los tarahumaras

Uloženo v:
Podrobná bibliografie
Hlavní autor: Artaud, Antonin (Autor)
Médium: Kniha
Jazyk:španělština
Vydáno: Buenos Aires El Cuenco de Plata 2014
Vydání:1a. ed
Edice:Extraterritorial
Témata:
Tagy: Přidat tag
Žádné tagy, Buďte první, kdo vytvoří štítek k tomuto záznamu!

MARC

LEADER 00000cam a2200000 a 4500
001 UCE6231
003 CL-VaPUC
008 150402e20140000ag |||||||||||||||||spa|d
020 |a 9789873743092 
082 0 4 |a 843  |b ART  |2 21 
100 0 |a Artaud, Antonin  |e author  |9 438260 
245 1 4 |a Los tarahumaras 
250 |a 1a. ed 
300 |a 115 p 
942 |c BK 
945 |d 20150402 11:08:00  |a dcastane 
260 |a Buenos Aires  |b El Cuenco de Plata  |c 2014 
650 0 |a Literatura francesa  |9 266330 
650 0 |a Surrealismo  |9 265502 
583 |a last modification  |c 20150402 11:08:00  |k Rodrigo Vera 
490 0 |a Extraterritorial 
999 |c 358610  |d 358608 
952 |0 0  |1 0  |3 erb  |4 0  |6 843_000000000000000_ART_2014  |7 0  |8 A  |9 467441  |a BIBART  |b BIBART  |i 514342K  |o 843 ART 2014  |p 514342K  |r 2025-03-13  |w 2019-11-23  |y BK  |z Catalogado en:20150402  |k ART